000 00942nam a2200289Ia 4500
003 OSt
005 20220912144946.0
006 a|||||r|||| 00| 0
007 ta
008 220909b |||||||| |||| 00| 0 eng d
024 _a74151
037 _cTextual
040 _aCSL
_beng
_cCSL
041 _aeng
082 _aD65,8(B)92:R1p1,N86, M8
100 _aBoscarol M Ed.
111 _aWorkshop on foundations of logic and functional programming (1986 : Trento Italy)
245 0 _aProceeding on Foundations of logic and functional programming
260 _aBerlin
_bSpringer-Verlag
_c1988
300 _avi,218p.
_ccm.
490 _aLecture notes in computer science; 306
650 _aComputer programming
700 _a Aiello L Carlucci Ed.
700 _a Levi G Ed.
942 _hD65,8(B)92:R1p1,N86, M8
_cTEXL
_2CC
999 _c19707
_d19707